书目信息 |
| 题名: |
岩石变形记忆效应及DRA法试验规律与理论
|
|
| 作者: | 王海军 著 | |
| 分册: | ||
| 出版信息: | 南京 东南大学出版社 2024.12 |
|
| 页数: | 214页 | |
| 开本: | 24cm | |
| 丛书名: | ||
| 单 册: | ||
| 中图分类: | TU454 | |
| 科图分类: | ||
| 主题词: | 岩石变形--yan shi bian xing--形状记忆效应--研究 | |
| 电子资源: | ||
| ISBN: | 978-7-5766-0858-8 | |
| 000 | 01683nam0 2200277 450 | |
| 001 | 92007 | |
| 005 | 20250817164956.61 | |
| 010 | @a978-7-5766-0858-8@dCNY78.00 | |
| 100 | @a20250113d2024 em y0chiy50 ea | |
| 101 | 0 | @achi |
| 102 | @aCN@b320000 | |
| 105 | @aa a 000yy | |
| 106 | @ar | |
| 200 | 1 | @a岩石变形记忆效应及DRA法试验规律与理论@Ayan shi bian xing ji yi xiao ying ji DRA fa shi yan gui lv yu li lun@d= Rock deformation memory effect and DRA test rule and theory@f王海军 ... [等] 著@zeng |
| 210 | @a南京@c东南大学出版社@d2024.12 | |
| 215 | @a214页@c图@d24cm | |
| 300 | @a南京水利科学研究院出版基金资助 | |
| 304 | @a题名页题其余责任者: 汤雷, 钟凌伟, 邹丽芳, 任旭华 | |
| 320 | @a有书目 (第201-214页) | |
| 330 | @a本书主要介绍了岩石具有储存外界影响信息并通过变形数据显示记忆信息的特性 (即DME) 与变形率变化法 (DRA法) 在地应力测量中的应用。研究了岩石DME的基本特征、时效特征, 复杂应力路径下和含水率变化情况下的岩石DME特征。提出了岩石内部已有微裂纹和颗粒接触面上的粘弹性摩擦滑动这一物理现象是形成DME的一种机理, 揭示了岩石对所承受应力加载信息包括地应力信息具有普遍记忆效应的深层原因。构建了基于粘弹性摩擦滑动的一维理论模型, 研究了考虑时间因素和复杂应力路径条件的岩石DME一维力学模型响应。构建了基于粘弹性摩擦滑动的轴对称理论模型, 对侧向DRA曲线的形状、精度、变化规律给出解答, 为地应力的测量提供了一种可靠数据来源。研究了考虑围压作用的DME轴对称模型响应。本书在地应力测量研究方向有较大创新性。 | |
| 510 | 1 | @aRock deformation memory effect and DRA test rule and theory@zeng |
| 606 | 0 | @a岩石变形@Ayan shi bian xing@x形状记忆效应@x研究 |
| 690 | @aTU454@v5 | |
| 701 | 0 | @a王海军@Awang hai jun@4著 |
| 801 | 0 | @aCN@c20250909 |
| 905 | @a河南城建学院图书馆@dTU454@eW200@f1 | |
| 岩石变形记忆效应及DRA法试验规律与理论= Rock deformation memory effect and DRA test rule and theory/王海军 ... [等] 著.-南京:东南大学出版社,2024.12 |
| 214页:图;24cm |
| 南京水利科学研究院出版基金资助 |
| ISBN 978-7-5766-0858-8:CNY78.00 |
| 本书主要介绍了岩石具有储存外界影响信息并通过变形数据显示记忆信息的特性 (即DME) 与变形率变化法 (DRA法) 在地应力测量中的应用。研究了岩石DME的基本特征、时效特征, 复杂应力路径下和含水率变化情况下的岩石DME特征。提出了岩石内部已有微裂纹和颗粒接触面上的粘弹性摩擦滑动这一物理现象是形成DME的一种机理, 揭示了岩石对所承受应力加载信息包括地应力信息具有普遍记忆效应的深层原因。构建了基于粘弹性摩擦滑动的一维理论模型, 研究了考虑时间因素和复杂应力路径条件的岩石DME一维力学模型响应。构建了基于粘弹性摩擦滑动的轴对称理论模型, 对侧向DRA曲线的形状、精度、变化规律给出解答, 为地应力的测量提供了一种可靠数据来源。研究了考虑围压作用的DME轴对称模型响应。本书在地应力测量研究方向有较大创新性。 |
| ● |
| 相关链接 |
|
|
|
正题名:岩石变形记忆效应及DRA法试验规律与理论
索取号:TU454/W200
 
预约/预借
| 序号 | 登录号 | 条形码 | 馆藏地/架位号 | 状态 | 备注 |
| 1 | 1625971 | 216259714 | 建筑库101/101建筑库 96排1列3层/ [索取号:TU454/W200] | 在馆 |